000 01360cam a2200373 i 4500
001 317827
003 EG-ScBUE
005 20250615094251.0
008 741218t1975 nyua f 001 0 eng d
020 _a0070277303
020 _a9780070277304
040 _aDLC
_beng
_erda
_cDLC
_dDLC
_dEG-ScBUE
082 0 4 _a535.076
_bHEC
_222
100 1 _aHecht, Eugene,
_eauthor.
_941282
245 1 0 _aSchaum's outline of theory and problems of optics /
_cby Eugene Hecht, Ph.D., professor of physics, Adelphi University.
246 3 0 _aOptics
264 1 _aNew York :
_bMcGraw-Hill,
_c[1975]
264 4 _cc1975
300 _a242 pages :
_billustrations ;
_c28 cm.
336 _2rdacontent
_atext
_btxt
337 _aunmediated
_2rdamedia
_bn
338 _avolume
_bnc
_2rdacarrier
490 0 _aSchaum’s outline series
500 _aIncludes index.
500 _aIncludes appendix.
650 7 _aOptics
_vProblems, exercises, etc.
_2BUEsh
_941283
651 _2BUEsh
653 _bENGELC
_cSeptember2016
655 _vReading book
_934232
856 4 2 _3Publisher description
_uhttp://www.loc.gov/catdir/description/mh031/74032228.html
856 4 1 _3Table of contents
_uhttp://www.loc.gov/catdir/toc/mh021/74032228.html
856 4 2 _3Contributor biographical information
_uhttp://www.loc.gov/catdir/enhancements/fy0735/74032228-b.html
942 _2ddc
_cBB
999 _c22431
_d22403